<?xml version="1.0" encoding="UTF-8"?>
<record
    xmlns:xsi="http://www.w3.org/2001/XMLSchema-instance"
    xsi:schemaLocation="http://www.loc.gov/MARC21/slim http://www.loc.gov/standards/marcxml/schema/MARC21slim.xsd"
    xmlns="http://www.loc.gov/MARC21/slim">

  <leader>00736cam a22002531  4500</leader>
  <controlfield tag="001">ne 67000363 </controlfield>
  <controlfield tag="003">DLC</controlfield>
  <controlfield tag="005">20260227111829.0</controlfield>
  <controlfield tag="008">840111s1966    ua            000 0 arar </controlfield>
  <datafield tag="010" ind1=" " ind2=" ">
    <subfield code="a">ne 67000363 </subfield>
  </datafield>
  <datafield tag="035" ind1=" " ind2=" ">
    <subfield code="a">(OCoLC)10289826</subfield>
  </datafield>
  <datafield tag="040" ind1=" " ind2=" ">
    <subfield code="a">DLC</subfield>
    <subfield code="c">TxU</subfield>
    <subfield code="d">DLC</subfield>
  </datafield>
  <datafield tag="042" ind1=" " ind2=" ">
    <subfield code="a">premarc</subfield>
  </datafield>
  <datafield tag="050" ind1="0" ind2="0">
    <subfield code="a">HX550.I8</subfield>
    <subfield code="b">B37</subfield>
  </datafield>
  <datafield tag="100" ind1="1" ind2=" ">
    <subfield code="a">B&#x101;r&#x16B;d&#x12B;, &#x2BB;Al&#x12B;.</subfield>
  </datafield>
  <datafield tag="245" ind1="1" ind2="0">
    <subfield code="a">Dur&#x16B;s f&#x12B; al-ishtir&#x101;k&#x12B;yah al-&#x2BB;Arab&#x12B;yah</subfield>
    <subfield code="c">[ta&#x2BC;l&#x12B;f] &#x2BB;Al&#x12B; al-B&#x101;r&#x16B;d&#x12B;.</subfield>
  </datafield>
  <datafield tag="250" ind1=" " ind2=" ">
    <subfield code="a">al-&#x1E6C;ab&#x2BB;ah 1.</subfield>
  </datafield>
  <datafield tag="260" ind1=" " ind2=" ">
    <subfield code="a">al-Iskandar&#x12B;yah,</subfield>
    <subfield code="b">Munsha&#x2BC;at al-Ma&#x2BB;&#x101;rif,</subfield>
    <subfield code="c">1966.</subfield>
  </datafield>
  <datafield tag="300" ind1=" " ind2=" ">
    <subfield code="a">352 p.</subfield>
    <subfield code="c">24 cm.</subfield>
  </datafield>
  <datafield tag="490" ind1="0" ind2=" ">
    <subfield code="a">Dir&#x101;s&#x101;t siy&#x101;s&#x12B;yah qawm&#x12B;yah</subfield>
  </datafield>
  <datafield tag="504" ind1=" " ind2=" ">
    <subfield code="a">Bibliographical footnotes.</subfield>
  </datafield>
  <datafield tag="650" ind1=" " ind2="0">
    <subfield code="a">Socialism.</subfield>
  </datafield>
  <datafield tag="650" ind1=" " ind2="0">
    <subfield code="a">Socialism and Islam.</subfield>
  </datafield>
  <datafield tag="999" ind1=" " ind2=" ">
    <subfield code="c">49413</subfield>
    <subfield code="d">49413</subfield>
  </datafield>
</record>
